000 01721cam a22004574i 4500
003 PE-LiUPU
005 20250731184510.0
008 160811s r 000 0 spa d
020 _a8416381739
020 _a9788416381739
035 _a(Sirsi) a162918
040 _aPE-LiUPU
_bspa
_cPE-LiUPU
_erda
082 0 4 _a910
_bCB
_220
100 1 _aCafiero Nora L Gaetano,
_eautor.
245 1 3 _aEl mar/
_cGaetano Cafiero Nora L.
264 _aBarcelona España
_bValeria manferto de fabianis.
300 _a503 páginas :
_bilustaciones :
_c16 centimetros
336 _atext
_2rdacontent
337 _aunmediated
_2rdamedia
338 _avolume
_2rdacarrier
504 _aBibliografía : página 496.
504 _aÍndices : página 496.
505 0 _aCoatas y litorales -- Perlas en el azul -- Mares de hielo -- Ciudades y países -- Gentes y oficios -- Los centinelas del mar -- La firia de la naturaleza -- Sobre las alas del viento -- En la cresta de las olas -- Criaturas entre el cielo y el mar -- Jardines de coral -- Gigantes del mar -- La historia sumergida -- Agua y fuego -- La gama del azul -- Marea baja -- Al caer el día.
526 _aP136
526 _aP135
526 _aP134
526 _aP133
526 _aP144
526 _aP143
526 _aP87
526 _aP35
526 _aP20
526 _aP14
526 _aP10
526 _aP06
910 _ajck
_bjos
_cjck
_d20160811
596 _a1
942 _2ddc
_cBOOK
999 _a910 CB
_wDEWEY
_c11845
_i74401
_d11845
_e2018-11-27
_f2021-11-9
_g5
_lCCODEBUL1
_mBUL
_n5
_r0
_sY
_tBOOK
_u2016-8-11
_xEDUCACION
_PP20
_0COMPRA
_o.STAFF. Colección General
980 _81
_gALBERTO SANCHEZ Responsable de Automatización